| 000 | 00446cam a2200181ua 4500 | ||
|---|---|---|---|
| 003 | OSt | ||
| 008 | 250813b |||||||| |||| 00| 0 eng d | ||
| 020 | _a9789327214659 | ||
| 082 |
_a627.02 _bMUR/LA |
||
| 100 | _aMurty, V V N . | ||
| 100 | _aJha, Madan K | ||
| 245 | _aLand and water management engineering / | ||
| 250 | _a6th | ||
| 260 |
_aNew Delhi : _bKalyani Publishers , _c2013 |
||
| 300 | _a604 | ||
| 500 | _a21467-ref | ||
| 942 | _cBK | ||
| 999 |
_c10051 _d10051 |
||